| 000 | 00409nam a2200145 i 4500 | ||
|---|---|---|---|
| 001 | 142452 | ||
| 003 | ES-MaACL | ||
| 005 | 20230906200527.0 | ||
| 007 | t| | ||
| 008 | 071005s1908 sp ||||1| cat d | ||
| 100 | 1 |
_aViladot, Lluis. _9114755 |
|
| 245 | 1 | 0 |
_aEstiología catalana _b: (art de verificar) / _cLluis Viladot. |
| 260 |
_aBarcelona : _bLlibrería Baguñá, _c1908. |
||
| 852 |
_aES-MaACL _jT-1250-F-1 |
||
| 999 |
_c142452 _d142452 |
||